000 00365 a2200169 4500
001 175358
020 _a85-16-00662-X
040 _cMagnum
100 _aMurgel Branco, Samuel
240 1 0 _aA deriva dos continentes
_lpor
245 1 0 _aA deriva dos continentes
300 _a79
362 0 _a1997
440 1 _aModerna
697 _aMISCELÂNEA
942 _cBK
999 _c175358
_d175358